| 000 | 01051nam a2200361 a 4500 | ||
|---|---|---|---|
| 003 | AR-BaBNM | ||
| 005 | 20251128210515.0 | ||
| 008 | 082120s2002 ||||||||||||||000 | spa|| | ||
| 020 | _a84-7584-260-7 | ||
| 040 | _cAR-BaBNM | ||
| 100 | 1 | _aRodríguez Moreno, María Luisa | |
| 245 | 0 | 0 | _aPrograma para aprender a tomar decisiones |
| 250 | _a1ª ed. | ||
| 260 |
_aBarcelona _bLaertes _c1994 |
||
| 300 |
_a191 p. _bil., tablas |
||
| 490 | 0 |
_aPedagogía _vv. 73 |
|
| 650 | 4 | _aEDUCACION Y EMPLEO | |
| 650 | 4 | _aORIENTACION PROFESIONAL | |
| 650 | 4 | _aPROGRAMAS DE ORIENTACION | |
| 650 | 4 | _aACTIVIDADES | |
| 653 | _aORIENTACION EDUCATIVA | ||
| 653 | _aEDUCACION POLIMODAL | ||
| 653 | _aTERCER CICLO DE LA EGB | ||
| 653 | _aORIENTACION VOCACIONAL | ||
| 653 | _aMETODOS EDUCATIVOS | ||
| 700 | 1 | _aDorio Alcaraz, Inmaculada | |
| 700 | 1 | _aMorey Vich, Magdalena | |
| 700 | 1 |
_aTort Raventós, Lluís _ecolaborador |
|
| 800 | 1 |
_aRodríguez, María Luisa _edirector |
|
| 800 | 1 |
_aLarrosa, Jorge _edirector |
|
| 942 | _cBK | ||
| 998 | _cRAQUEL | ||
| 999 |
_c15728 _d15728 |
||